[Event "ICS rated blitz match"]
[Site "204.178.125.65"]
[Date "1999.10.24"]
[Round "?"]
[White "Hossa"]
[Black "toothfairy"]
[Result "1-0"]
[WhiteElo "2397"]
[BlackElo "2176"]
[PlyCount "145"]
[EventDate "1999.??.??"]

1. e4 e5 2. Bc4 Bc5 3. Nf3 Nc6 4. d3 d6 5. c3 Bb6 6. Bg5 Nge7 7. O-O O-O 8.
Nbd2 Bg4 9. Bb3 Kh8 10. Re1 Na5 11. Bc2 f6 12. Bh4 Ng6 13. Bg3 f5 14. exf5 Bxf5
15. d4 Bxc2 16. Qxc2 exd4 17. Nxd4 Bxd4 18. cxd4 Rc8 19. Qa4 Nc6 20. Ne4 a6 21.
Rac1 Nce7 22. Ng5 Nf5 23. Ne6 Qe8 24. Qb4 Rf7 25. Nxg7 Qb5 26. Qxb5 axb5 27.
Nxf5 Rxf5 28. Bxd6 Rd5 29. Bxc7 Kg8 30. Bb6 Rxc1 31. Rxc1 Nf4 32. Rc8+ Kf7 33.
Rc7+ Ke6 34. Rxh7 Ne2+ 35. Kf1 Nxd4 36. Bxd4 Rxd4 37. Rxb7 b4 38. a4 bxa3 39.
bxa3 Rd3 40. a4 Ra3 41. Rb6+ Kd7 42. Rb4 Ra2 43. g4 Ke7 44. h4 Kf6 45. Kg2 Ke5
46. Kg3 Ra1 47. f3 Kf6 48. f4 Ra3+ 49. Kf2 Ke6 50. Ke2 Kd6 51. Rd4+ Kc5 52. Rd3
Rxa4 53. Ke3 Ra1 54. Ke4 Rh1 55. h5 Kc4 56. Rd7 Kc5 57. Kf5 Kc6 58. Rd4 Kc5 59.
Rd8 Kc6 60. Kg6 Kc7 61. Rd4 Kc6 62. g5 Kc5 63. Rd8 Rh4 64. h6 Rxf4 65. h7 Rh4
66. h8=Q Rxh8 67. Rxh8 Kd5 68. Kf6 Ke4 69. g6 Kf4 70. g7 Ke4 71. g8=Q Kf4 72.
Rh3 Ke4 73. Qc4# {toothfairy checkmated} 1-0

[Event "ICS rated blitz match"]
[Site "204.178.125.65"]
[Date "1999.10.24"]
[Round "?"]
[White "toothfairy"]
[Black "Hossa"]
[Result "0-1"]
[WhiteElo "2169"]
[BlackElo "2404"]
[PlyCount "54"]
[EventDate "1999.??.??"]

1. e4 e5 2. Nf3 Nf6 3. Nc3 Nc6 4. Bc4 Bc5 5. d3 d6 6. Bg5 Na5 7. Nd5 c6 8.
Nxf6+ gxf6 9. Bh4 Nxc4 10. dxc4 O-O 11. Qd2 Re8 12. O-O-O a5 13. Qh6 Re6 14.
Rd3 Qf8 15. Qh5 Rb8 16. Nd2 Bb4 17. c3 Bc5 18. Rf3 f5 19. exf5 Rh6 20. Qg5+ Kh8
21. Ne4 f6 22. Nxf6 Ra8 23. Rg3 Bxf5 24. Qxf5 Rxh4 25. Rg8+ Qxg8 26. Nxg8 Rf4
27. Qg4 27... Rxg4 {toothfairy resigns} 0-1

[Event "ICS rated blitz match"]
[Site "204.178.125.65"]
[Date "1999.10.24"]
[Round "?"]
[White "Hossa"]
[Black "toothfairy"]
[Result "1-0"]
[WhiteElo "2423"]
[BlackElo "2150"]
[PlyCount "52"]
[EventDate "1999.??.??"]

1. e4 e5 2. Bc4 Bc5 3. Nf3 Nc6 4. d3 d6 5. c3 Bb6 6. Bg5 Nge7 7. O-O O-O 8.
Nbd2 Bg4 9. Bb3 Kh8 10. Re1 f6 11. Bh4 d5 12. exd5 Nxd5 13. Nc4 Qd7 14. h3 Bh5
15. Nfxe5 Nxe5 16. Nxe5 Bxd1 17. Nxd7 Bxb3 18. Nxf8 Bc2 19. Ne6 Bxd3 20. Rad1
Bc4 21. b3 Nxc3 22. bxc4 Nxd1 23. Rxd1 Re8 24. Rd8 Rxd8 25. Nxd8 Kg8 26. Nxb7
26... Bd4 {toothfairy resigns} 1-0

[Event "ICS rated blitz match"]
[Site "204.178.125.65"]
[Date "1999.10.24"]
[Round "?"]
[White "toothfairy"]
[Black "Hossa"]
[Result "0-1"]
[WhiteElo "2144"]
[BlackElo "2429"]
[PlyCount "84"]
[EventDate "1999.??.??"]

1. e4 e5 2. Nf3 Nf6 3. Nc3 Nc6 4. Bc4 Bc5 5. d3 d6 6. Bg5 Na5 7. Nd5 c6 8.
Nxf6+ gxf6 9. Bh4 Nxc4 10. dxc4 O-O 11. Qd2 Re8 12. O-O-O a5 13. Qh6 Re6 14.
Rd3 Qf8 15. Qh5 Rb8 16. Nd2 Bb4 17. c3 Bc5 18. Rf3 f5 19. exf5 Rh6 20. Qg5+ Kh8
21. Ne4 f6 22. Nxf6 Qg7 23. Ne4 Bb6 24. Qxg7+ Kxg7 25. Bg5 Rh5 26. g4 d5 27.
cxd5 cxd5 28. f6+ Kf8 29. gxh5 dxe4 30. Rg3 Bxf2 31. Bh6+ Kf7 32. Rg7+ Kxf6 33.
Rf1 e3 34. Rg8 Ke6 35. Kd1 Kd5 36. Ke2 Ke4 37. c4 Be6 38. Bxe3 Rxg8 39. Kxf2
Rf8+ 40. Ke1 Rxf1+ 41. Kxf1 Kxe3 42. b3 42... Kd2 {toothfairy resigns} 0-1

[Event "ICS rated blitz match"]
[Site "204.178.125.65"]
[Date "1999.10.24"]
[Round "?"]
[White "Hossa"]
[Black "toothfairy"]
[Result "0-1"]
[WhiteElo "2434"]
[BlackElo "2139"]
[PlyCount "110"]
[EventDate "1999.??.??"]

1. e4 e5 2. Bc4 Bc5 3. Nf3 Nc6 4. d3 d6 5. c3 Bb6 6. Bg5 Nge7 7. O-O O-O 8.
Nbd2 Kh8 9. Bd5 f6 10. Bh4 Nxd5 11. exd5 Ne7 12. Qb3 Qe8 13. Rae1 Qg6 14. c4
Nf5 15. Ne4 Nxh4 16. Nxh4 Qh5 17. Nf3 f5 18. Nc3 f4 19. Ne4 Bg4 20. Neg5 h6 21.
h3 hxg5 22. hxg4 Qxg4 23. Qc3 Rf6 24. d4 exd4 25. Nxd4 Rh6 26. Re6 Rh7 27. Rfe1
Rg8 28. Re7 Qh4 29. f3 Qh2+ 30. Kf1 Qg3 31. Kg1 Rh2 32. Qd2 Qh4 33. Kf1 Bxd4
34. Qxd4 Rh1+ 35. Qg1 Rxg1+ 36. Kxg1 g4 37. fxg4 Qxg4 38. Rf1 g5 39. Rxc7 Re8
40. Rxb7 Qg3 41. Rb3 Re3 42. Rf3 Qe1+ 43. Rf1 Qe2 44. Rb8+ Kg7 45. Rb7+ Kg6 46.
Rd7 Rg3 47. Rxd6+ Kf5 48. Rf2 Qe1+ 49. Rf1 Qe3+ 50. Rf2 f3 51. Re6 Rxg2+ 52.
Kh1 Qxf2 53. Re5+ Kf4 54. Rf5+ Kxf5 55. c5 55... Qf1# {Hossa checkmated} 0-1

[Event "ICS rated blitz match"]
[Site "204.178.125.65"]
[Date "1999.10.24"]
[Round "?"]
[White "toothfairy"]
[Black "Hossa"]
[Result "1-0"]
[WhiteElo "2166"]
[BlackElo "2407"]
[PlyCount "104"]
[EventDate "1999.??.??"]

1. e4 e5 2. Nf3 Nf6 3. Nc3 Nc6 4. Bc4 Bc5 5. d3 d6 6. Bg5 Na5 7. Nd5 c6 8.
Nxf6+ gxf6 9. Bh4 Nxc4 10. dxc4 O-O 11. Qd2 Re8 12. O-O-O a5 13. Qh6 Re6 14.
Rd3 Qf8 15. Qh5 Rb8 16. Nd2 Bb4 17. c3 Bc5 18. Rf3 f5 19. exf5 Rh6 20. Qg5+ Kh8
21. Ne4 f6 22. Nxf6 Qg7 23. Rg3 Qxg5+ 24. Bxg5 Bxf2 25. Bxh6 Bxg3 26. hxg3 Bxf5
27. Rf1 Bd3 28. Rf2 Bxc4 29. b3 Bd3 30. Nd7 Rg8 31. Rf7 Rg6 32. Rf8+ Rg8 33. g4
Bg6 34. g5 Rxf8 35. Bxf8 Bf5 36. Nf6 d5 37. Bd6 Kg7 38. Bxe5 Kg6 39. Bf4 b5 40.
Ne8 Be4 41. g3 b4 42. cxb4 axb4 43. Nd6 c5 44. Nxe4 dxe4 45. Kd2 Kf7 46. Ke3
Ke7 47. Kxe4 Ke6 48. Be3 Kd6 49. Kd3 Kd5 50. g4 Ke5 51. Bxc5 Kf4 52. Be7 52...
Kxg4 {Hossa resigns} 1-0

[Event "ICS rated blitz match"]
[Site "204.178.125.65"]
[Date "1999.10.24"]
[Round "?"]
[White "toothfairy"]
[Black "Hossa"]
[Result "1-0"]
[WhiteElo "2184"]
[BlackElo "2389"]
[PlyCount "145"]
[EventDate "1999.??.??"]

1. e4 e5 2. Nf3 Nf6 3. Nc3 Nc6 4. Bc4 Bc5 5. d3 d6 6. Bg5 Na5 7. Nd5 c6 8.
Nxf6+ gxf6 9. Bh4 Nxc4 10. dxc4 O-O 11. Qd2 Re8 12. O-O-O a5 13. Qh6 Re6 14.
Rd3 Qf8 15. Qh5 Rb8 16. Nd2 Bb4 17. c3 Bc5 18. Rf3 f5 19. exf5 Rh6 20. Qg5+ Kh8
21. Ne4 f6 22. Nxf6 Qg7 23. Ne4 Bb6 24. Qxg7+ Kxg7 25. Bg5 Rh5 26. g4 d5 27.
cxd5 cxd5 28. Bf6+ Kf7 29. Bxe5 dxe4 30. gxh5 exf3 31. Bxb8 Bxf5 32. Bg3 Bc5
33. Rd1 Kf6 34. Rd5 b6 35. Rd8 Kg5 36. Rd5 Kf6 37. Bh4+ Ke6 38. Rd8 a4 39. b4
Bd6 40. Bg3 Bxg3 41. hxg3 b5 42. Rb8 Bd3 43. Kd2 Bc4 44. Rh8 Bxa2 45. Rxh7 Kf5
46. Ra7 Kg5 47. Ke3 Kxh5 48. Kxf3 Bb1 49. Kf4 Bd3 50. f3 Kg6 51. g4 Bf1 52. Ke3
Kg5 53. Ra5 Bc4 54. Ra8 Bd5 55. Ra5 Bc4 56. Kd4 Kf4 57. Rxa4 bxa4 58. Kxc4 Kxf3
59. g5 Ke3 60. g6 a3 61. Kb3 Kf3 62. g7 Ke3 63. g8=Q Kf4 64. b5 Ke5 65. b6 a2
66. Kxa2 Kf5 67. b7 Ke4 68. b8=Q Kf3 69. Qge8 Kg4 70. Qc7 Kf5 71. Qcf7+ Kg4 72.
Qeg8+ Kh4 73. Qfh7# {Hossa checkmated} 1-0

[Event "ICS rated blitz match"]
[Site "204.178.125.65"]
[Date "1999.10.24"]
[Round "?"]
[White "toothfairy"]
[Black "Hossa"]
[Result "1-0"]
[WhiteElo "2199"]
[BlackElo "2374"]
[PlyCount "66"]
[EventDate "1999.??.??"]

1. e4 e5 2. Nf3 Nf6 3. Nc3 Nc6 4. Bc4 Bc5 5. d3 d6 6. Bg5 Na5 7. Nd5 c6 8.
Nxf6+ gxf6 9. Bh4 Nxc4 10. dxc4 O-O 11. Qd2 Re8 12. O-O-O a5 13. Qh6 Re6 14.
Rd3 Qf8 15. Qh5 Rb8 16. Nd2 Bb4 17. c3 Bc5 18. Rf3 f5 19. exf5 Rh6 20. Qg5+ Kh8
21. Ne4 f6 22. Nxf6 Qg7 23. Ne4 Bb6 24. Rg3 Qxg5+ 25. Bxg5 Bxf5 26. Bxh6 Bxe4
27. Bg7+ Kg8 28. Bxe5+ Kf7 29. Bxd6 Re8 30. c5 Ba7 31. Re1 Re6 32. Rge3 Bd5 33.
Rxe6 33... Bxe6 {Hossa resigns} 1-0

[Event "ICS Rated blitz match"]
[Site "204.178.125.65"]
[Date "1999.10.24"]
[Round "?"]
[White "Hossa"]
[Black "MrZ"]
[Result "1-0"]
[WhiteElo "2351"]
[BlackElo "2497"]
[PlyCount "139"]
[EventDate "1999.??.??"]

1. d4 e6 2. e4 d5 3. Nc3 Bb4 4. Qg4 Nf6 5. Qxg7 Rg8 6. Qh6 c5 7. a3 Rg6 8. Qh3
Qa5 9. Rb1 Bxc3+ 10. Qxc3 Qxc3+ 11. bxc3 Nxe4 12. Ne2 Nd7 13. f3 Nd6 14. Nf4
Rg8 15. Bd3 c4 16. Be2 b5 17. O-O a5 18. Be3 h6 19. Rfe1 Ke7 20. Bd2 Bb7 21.
Nh5 Rg6 22. Bf4 Bc6 23. Ng3 Nb6 24. Bf1 Rag8 25. Ne2 Nbc8 26. Be5 Rd8 27. Kh1
Nb6 28. Nf4 Rgg8 29. Nh5 Nd7 30. Bf4 Rg6 31. Bg3 Rdg8 32. Bh4+ Kf8 33. Nf4 R6g7
34. Bd8 Nb7 35. Bc7 Ke7 36. Ne2 f6 37. Nf4 Nf8 38. Re2 Kd7 39. Bb6 Kd6 40. Rbe1
Bd7 41. g3 Kc6 42. Ba7 Nd6 43. Nh5 Rf7 44. Bg2 Rg5 45. g4 Bc8 46. Bb8 Rg6 47.
Nf4 Rg8 48. Kg1 f5 49. Nh5 fxg4 50. fxg4 Rxg4 51. Kh1 Rg5 52. Ng3 Ng6 53. Rg1
Nf4 54. Re3 Nxg2 55. Rxg2 Rf8 56. Bxd6 Kxd6 57. h4 Rg6 58. Nf5+ exf5 59. Rxg6+
Kd7 60. Rxh6 Kc7 61. Re7+ Kb8 62. Rb6+ Ka8 63. Rxb5 Ba6 64. Rxa5 Rf6 65. Kh2
Kb8 66. Rxd5 Kc8 67. Rdd7 Kb8 68. d5 Ka8 69. Rd8+ Bc8 70. Rxc8# {MrZ checkmated
} 1-0

[Event "ICS rated blitz match"]
[Site "204.178.125.65"]
[Date "1999.10.24"]
[Round "?"]
[White "Amateur"]
[Black "Hossa"]
[Result "1-0"]
[WhiteElo "2531"]
[BlackElo "2373"]
[PlyCount "82"]
[EventDate "1999.??.??"]

1. Nf3 d5 2. d4 c6 3. c4 Nf6 4. cxd5 cxd5 5. Nc3 Nc6 6. Ne5 e6 7. Bg5 Bb4 8.
Rc1 O-O 9. Nxc6 bxc6 10. Qa4 Qb6 11. Bxf6 gxf6 12. e3 Bxc3+ 13. bxc3 Qb2 14.
Qc2 Rb8 15. Bd3 Qxc2 16. Bxc2 Ba6 17. Bb3 Rb6 18. f4 Bd3 19. Kf2 a5 20. Kg3 Kh8
21. Rhg1 Rg8+ 22. Kh3 Rb5 23. Ra1 h6 24. g4 Kg7 25. Kh4 Be4 26. Rac1 Rb7 27. c4
Ra8 28. cxd5 cxd5 29. Kh3 Kh8 30. Rc6 a4 31. Bc2 Kg7 32. Bxe4 dxe4 33. Rg2 Rab8
34. Ra6 Rb4 35. Rc2 R8b6 36. Ra5 Rb7 37. Rc8 R7b5 38. Raa8 f5 39. Rg8+ Kh7 40.
g5 Rb8 41. Raxb8 41... Rxb8 {Hossa resigns} 1-0

[Event "ICS rated blitz match"]
[Site "204.178.125.65"]
[Date "1999.10.24"]
[Round "?"]
[White "Hossa"]
[Black "adqueen"]
[Result "1-0"]
[WhiteElo "2364"]
[BlackElo "1631"]
[PlyCount "85"]
[EventDate "1999.??.??"]

1. e4 e5 2. Bc4 Nf6 3. d3 h6 4. Nf3 c6 5. Nc3 d6 6. O-O b5 7. Bb3 a5 8. a4 b4
9. Ne2 Na6 10. Ng3 Nc5 11. Ba2 Be7 12. Be3 Rb8 13. Bxc5 dxc5 14. Nxe5 O-O 15.
Nxc6 Qc7 16. Nxb8 Qxb8 17. c3 Bg4 18. f3 Bd7 19. d4 Bd6 20. e5 Bxe5 21. dxe5
Qxe5 22. Re1 Qb8 23. Nh5 Nxh5 24. Qxd7 Nf6 25. Qf5 b3 26. Bb1 g6 27. Qxf6 Re8
28. Rxe8+ Qxe8 29. Be4 Qd7 30. Qb6 Qd2 31. Qxb3 Kg7 32. Qb7 Qd6 33. Bd5 Qf6 34.
Qc7 g5 35. Qxc5 Qf4 36. Qd4+ Qf6 37. Qxf6+ Kxf6 38. Re1 Kg7 39. Kf2 f6 40. Re7+
Kg6 41. Bf7+ Kf5 42. g4+ Kf4 43. Re4# {adqueen checkmated} 1-0

[Event "ICS rated bullet match"]
[Site "204.178.125.65"]
[Date "1999.10.24"]
[Round "?"]
[White "Hossa"]
[Black "amateur-58"]
[Result "1-0"]
[WhiteElo "2481"]
[BlackElo "1593"]
[PlyCount "58"]
[EventDate "1999.??.??"]

1. e4 e6 2. d3 d5 3. Nd2 c5 4. Ngf3 Nc6 5. g3 g6 6. Bg2 Bg7 7. O-O Nge7 8. Re1
Qc7 9. Nb3 b6 10. exd5 Nxd5 11. c4 Ndb4 12. a3 Na6 13. Bf4 Qd8 14. Nfd4 Nxd4
15. Bxa8 O-O 16. Be3 Bd7 17. Bb7 Nb8 18. Nxd4 cxd4 19. Bd2 Bc6 20. Bxc6 Nxc6
21. Bb4 Re8 22. b3 Qc7 23. f4 a5 24. Bd2 h5 25. f5 Kh7 26. fxg6+ fxg6 27. Qe2
Ne5 28. Bf4 Qc6 29. Bxe5 29... Bxe5 {amateur-58 resigns} 1-0

[Event "ICS rated bullet match"]
[Site "204.178.125.65"]
[Date "1999.10.24"]
[Round "?"]
[White "amateur-58"]
[Black "Hossa"]
[Result "0-1"]
[WhiteElo "1593"]
[BlackElo "2481"]
[PlyCount "32"]
[EventDate "1999.??.??"]

1. d4 e6 2. c4 Nf6 3. Nc3 d5 4. Bg5 dxc4 5. e4 c5 6. Nf3 cxd4 7. Nxd4 Bc5 8.
Ndb5 Qb6 9. Bxc4 Bxf2+ 10. Ke2 O-O 11. Bxf6 gxf6 12. Qd3 Rd8 13. Qf3 Bh4 14.
Qg4+ Bg5 15. h4 Rd2+ 16. Kf1 16... Qf2# {amateur-58 checkmated} 0-1

[Event "ICS rated bullet match"]
[Site "204.178.125.65"]
[Date "1999.10.24"]
[Round "?"]
[White "Hossa"]
[Black "Meerbauer"]
[Result "1-0"]
[WhiteElo "2481"]
[BlackElo "1779"]
[PlyCount "31"]
[EventDate "1999.??.??"]

1. e4 e5 2. Bc4 Nf6 3. d3 Nc6 4. Nf3 Bc5 5. O-O d6 6. c3 Be6 7. Bxe6 fxe6 8. d4
exd4 9. cxd4 Bb6 10. Nc3 Qe7 11. e5 Nd7 12. Bg5 Qf7 13. exd6 cxd6 14. Nb5 Qf8
15. d5 exd5 16. Re1+ {Meerbauer resigns} 1-0

[Event "ICS rated bullet match"]
[Site "204.178.125.65"]
[Date "1999.10.24"]
[Round "?"]
[White "Meerbauer"]
[Black "Hossa"]
[Result "1-0"]
[WhiteElo "1778"]
[BlackElo "2482"]
[PlyCount "51"]
[EventDate "1999.??.??"]

1. e4 e5 2. Nf3 Nf6 3. Nc3 Nc6 4. d4 exd4 5. Nd5 Nxe4 6. Qe2 f5 7. Ng5 Be7 8.
Nxe4 fxe4 9. Qxe4 O-O 10. Bd3 g6 11. Bh6 Rf7 12. O-O Bf8 13. Rae1 Bxh6 14. h4
Bf8 15. h5 g5 16. f4 g4 17. f5 g3 18. f6 Rb8 19. Rf3 Bd6 20. Rf5 Kf8 21. Rg5 a5
22. Rg7 Re7 23. fxe7+ Nxe7 24. Qxh7 Ba3 25. Qh8+ Ng8 26. Qxg8# {
Hossa checkmated} 1-0

[Event "ICS rated bullet match"]
[Site "204.178.125.65"]
[Date "1999.10.24"]
[Round "?"]
[White "Hossa"]
[Black "Meerbauer"]
[Result "1-0"]
[WhiteElo "2451"]
[BlackElo "1809"]
[PlyCount "47"]
[EventDate "1999.??.??"]

1. e4 c5 2. Nf3 Nc6 3. d4 cxd4 4. Nxd4 e6 5. Nc3 a6 6. Be2 Nge7 7. Bg5 Nxd4 8.
Qxd4 f6 9. Be3 Nc6 10. Qb6 Be7 11. Qxd8+ Bxd8 12. O-O-O b5 13. Bh5+ g6 14. Bg4
Ke7 15. Bh6 Bb6 16. f3 f5 17. exf5 gxf5 18. Bxf5 exf5 19. Nd5+ Kf7 20. Nxb6 Ra7
21. Rhe1 Kg6 22. Rd6+ Kf7 23. Nd5 Re8 24. Rf6+ {Meerbauer resigns} 1-0

[Event "ICS rated bullet match"]
[Site "204.178.125.65"]
[Date "1999.10.24"]
[Round "?"]
[White "Meerbauer"]
[Black "Hossa"]
[Result "0-1"]
[WhiteElo "1808"]
[BlackElo "2452"]
[PlyCount "48"]
[EventDate "1999.??.??"]

1. e4 e5 2. Nf3 Nf6 3. Nc3 Nc6 4. d4 exd4 5. Nd5 Nxe4 6. Qe2 f5 7. Ng5 Be7 8.
Nxe4 fxe4 9. Qxe4 O-O 10. Bd3 g6 11. Bh6 Rf7 12. Bc4 Bf8 13. Bxf8 Kxf8 14. O-O
d6 15. Rae1 Bf5 16. Qe2 Ne5 17. Bb3 Qh4 18. f4 Ng4 19. h3 Nh6 20. Rf3 c6 21.
Kh2 cxd5 22. Bxd5 Rc7 23. Rd3 Rxc2 24. Qxc2 24... Ng4+ {Meerbauer resigns} 0-1

[Event "ICS rated bullet match"]
[Site "204.178.125.65"]
[Date "1999.10.24"]
[Round "?"]
[White "Hossa"]
[Black "Meerbauer"]
[Result "1-0"]
[WhiteElo "2453"]
[BlackElo "1807"]
[PlyCount "81"]
[EventDate "1999.??.??"]

1. e4 e5 2. Bc4 Nc6 3. Nf3 Nf6 4. d3 Bc5 5. Nc3 d6 6. Na4 Bb6 7. Nxb6 axb6 8.
O-O Be6 9. Bb5 Ra5 10. c4 O-O 11. Bd2 Ra7 12. Be3 Ra8 13. Qd2 Ne7 14. Qc2 c6
15. Ba4 Ra7 16. Ng5 Qa8 17. Bb3 c5 18. f4 Nc6 19. fxe5 dxe5 20. Bf2 Nd4 21.
Bxd4 exd4 22. Rf2 h6 23. Nxe6 fxe6 24. Raf1 Nd7 25. Rxf8+ Nxf8 26. Qf2 Nh7 27.
Qf7+ Kh8 28. Qxe6 Qd8 29. Qg6 Ra8 30. Rf7 Qg8 31. Rxb7 Rf8 32. Qxb6 Rf6 33.
Qxc5 Nf8 34. Qxd4 Ne6 35. Qe3 Qf8 36. Qe2 Kh7 37. e5 Nd4 38. Qe4+ Rf5 39. g4
Ne2+ 40. Kh1 Kh8 41. gxf5 {Meerbauer resigns} 1-0

[Event "ICS rated bullet match"]
[Site "204.178.125.65"]
[Date "1999.10.24"]
[Round "?"]
[White "Meerbauer"]
[Black "Hossa"]
[Result "1-0"]
[WhiteElo "1806"]
[BlackElo "2454"]
[PlyCount "137"]
[EventDate "1999.??.??"]

1. e4 e5 2. Nf3 Nf6 3. Nc3 Nc6 4. d4 exd4 5. Nd5 Nxe4 6. Qe2 f5 7. Ng5 Be7 8.
Nxe4 fxe4 9. Qxe4 O-O 10. Bd3 g6 11. Bh6 Rf7 12. O-O Bf8 13. Rae1 Bxh6 14. h4
Bf8 15. h5 g5 16. f4 g4 17. f5 d6 18. Rf4 g3 19. Rg4+ Kh8 20. Rf1 Bg7 21. f6
Bxf6 22. Rxf6 Qxf6 23. Nxf6 Bxg4 24. Nxg4 Re7 25. Qf5 Rg7 26. h6 Rg6 27. Qd7
Rag8 28. Bxg6 Rxg6 29. Qxc7 d3 30. Qxb7 dxc2 31. Qxc6 c1=Q+ 32. Qxc1 Kg8 33.
Qc8+ Kf7 34. Qd7+ Kf8 35. Qd8+ Kf7 36. Ne3 Rxh6 37. Kf1 Rf6+ 38. Ke2 h5 39.
Qd7+ Kg6 40. Qxa7 Rf2+ 41. Kd3 Rxb2 42. Qa6 Kg7 43. Qxd6 Rb1 44. a4 h4 45. a5
Kg8 46. a6 Kh7 47. a7 Ra1 48. Qc7+ Kg6 49. Qb7 h3 50. a8=Q Rxa8 51. Qxa8 h2 52.
Qc6+ Kg5 53. Qc1 Kg6 54. Qh1 Kg5 55. Nf1 Kf5 56. Ke3 Ke5 57. Kf3 Ke6 58. Nxg3
Kd5 59. Qxh2 Kd4 60. Qh4+ Ke5 61. Ke3 Ke6 62. Qh5 Kd7 63. Ke4 Ke6 64. Qh6+ Kd7
65. Kd5 Ke7 66. Qg6 Kd7 67. Qf7+ Kd8 68. Kd6 Kc8 69. Qc7# {Hossa checkmated}
1-0

[Event "ICS rated bullet match"]
[Site "204.178.125.65"]
[Date "1999.10.24"]
[Round "?"]
[White "Hossa"]
[Black "TheBad"]
[Result "1-0"]
[WhiteElo "2423"]
[BlackElo "1917"]
[PlyCount "69"]
[EventDate "1999.??.??"]

1. e4 e5 2. Bc4 Nc6 3. Nf3 Nf6 4. d3 Bc5 5. Nc3 d6 6. Na4 Bb6 7. Nxb6 axb6 8.
Ng5 O-O 9. O-O h6 10. Nf3 Bg4 11. a3 Nd4 12. c3 Nxf3+ 13. gxf3 Bh3 14. Re1 Nh5
15. Bd5 Nf4 16. Bxf4 exf4 17. Kh1 c6 18. Bb3 Qh4 19. Qd2 Kh8 20. d4 f5 21. Bc4
fxe4 22. fxe4 f3 23. Bf1 Bxf1 24. Rxf1 Rae8 25. d5 c5 26. Rg1 Rxe4 27. Rae1 Rg4
28. Qe3 Rf5 29. Rxg4 Qxg4 30. Qe8+ Kh7 31. Rg1 Re5 32. Qxe5 Qxg1+ 33. Kxg1 dxe5
34. d6 Kg6 35. d7 {TheBad resigns} 1-0

[Event "ICS rated blitz match"]
[Site "204.178.125.65"]
[Date "1999.10.24"]
[Round "?"]
[White "fjolset"]
[Black "Hossa"]
[Result "0-1"]
[WhiteElo "2074"]
[BlackElo "2364"]
[PlyCount "54"]
[EventDate "1999.??.??"]

1. d4 e6 2. e3 Nf6 3. Bd3 d5 4. f4 Bd6 5. Nd2 c5 6. c3 cxd4 7. cxd4 O-O 8. Ngf3
b6 9. O-O Ba6 10. Bxa6 Nxa6 11. Ne5 Bb4 12. a3 Bxd2 13. Bxd2 Ne4 14. Bc3 f6 15.
Nd3 Qe8 16. Qf3 Rc8 17. Rae1 Nxc3 18. bxc3 Rxc3 19. Qe2 Qb5 20. Qa2 Qxd3 21.
Rd1 Qxe3+ 22. Kh1 Rxa3 23. Qc2 Nb4 24. Qc7 Ra2 25. Rde1 Qd2 26. Rg1 Nd3 27. Rd1
27... Nf2# {fjolset checkmated} 0-1

[Event "ICS rated blitz match"]
[Site "204.178.125.65"]
[Date "1999.10.24"]
[Round "?"]
[White "Hossa"]
[Black "Kengtin"]
[Result "1-0"]
[WhiteElo "2369"]
[BlackElo "2056"]
[PlyCount "53"]
[EventDate "1999.??.??"]

1. e4 e5 2. Bc4 Bc5 3. Nf3 d6 4. c3 Bb6 5. d4 Nf6 6. dxe5 Nxe4 7. Qd5 Be6 8.
Qxe4 d5 9. Bxd5 Qxd5 10. Qxd5 Bxd5 11. O-O Nd7 12. Re1 O-O-O 13. Be3 Rde8 14.
Bxb6 axb6 15. Nbd2 Nc5 16. c4 Bc6 17. Re3 Rd8 18. b4 Nd3 19. b5 Bxf3 20. Nxf3
h6 21. e6 fxe6 22. Rxe6 Nf4 23. Re7 g5 24. Rae1 Rd7 25. Rxd7 Kxd7 26. Ne5+ Ke6
27. Ng6+ {Kengtin resigns} 1-0

[Event "ICS rated blitz match"]
[Site "204.178.125.65"]
[Date "1999.10.24"]
[Round "?"]
[White "chiquitins"]
[Black "Hossa"]
[Result "0-1"]
[WhiteElo "2445"]
[BlackElo "2381"]
[PlyCount "70"]
[EventDate "1999.??.??"]

1. e4 e5 2. Nf3 Nf6 3. Nxe5 d6 4. Nf3 Nxe4 5. d4 d5 6. Bd3 Be7 7. O-O Nc6 8. c4
Nb4 9. Be2 dxc4 10. Bxc4 O-O 11. Nc3 Bf5 12. Re1 Nxc3 13. bxc3 Nc2 14. Re5 Nxa1
15. Rxf5 Qc8 16. Re5 Bd6 17. Re2 c5 18. d5 Qg4 19. Bd3 c4 20. Re4 Qh5 21. Rh4
Qxh4 22. Nxh4 cxd3 23. Bb2 Nc2 24. Qxd3 Rae8 25. g3 Ne1 26. Qf5 Re2 27. Bc1 Bc5
28. Be3 Bxe3 29. fxe3 Rxe3 30. Qg5 Rfe8 31. Qg4 Rxc3 32. Nf5 Nf3+ 33. Kg2 Re2+
34. Kf1 Nxh2+ 35. Kxe2 35... Nxg4 {chiquitins resigns} 0-1

[Event "ICS rated blitz match"]
[Site "204.178.125.65"]
[Date "1999.10.24"]
[Round "?"]
[White "Hossa"]
[Black "toothfairy"]
[Result "1-0"]
[WhiteElo "2400"]
[BlackElo "2144"]
[PlyCount "27"]
[EventDate "1999.??.??"]

1. e4 e5 2. Bc4 Bc5 3. Nf3 d6 4. c3 Nc6 5. d4 exd4 6. cxd4 Bb6 7. Nc3 Nge7 8.
Ng5 O-O 9. Qh5 h6 10. Nxf7 Rxf7 11. Bxf7+ Kf8 12. Bc4 Qe8 13. Qxh6 d5 14. Qf4+
{toothfairy resigns} 1-0

[Event "ICS rated blitz match"]
[Site "204.178.125.65"]
[Date "1999.10.24"]
[Round "?"]
[White "toothfairy"]
[Black "Hossa"]
[Result "1-0"]
[WhiteElo "2138"]
[BlackElo "2406"]
[PlyCount "115"]
[EventDate "1999.??.??"]

1. e4 e5 2. Nf3 Nf6 3. Nc3 Nc6 4. Bc4 Bc5 5. d3 d6 6. Bg5 Na5 7. Nd5 c6 8.
Nxf6+ gxf6 9. Bh4 Nxc4 10. dxc4 O-O 11. Qd2 Re8 12. O-O-O a5 13. Qh6 Re6 14.
Rd3 Qf8 15. Qh5 Rb8 16. Nd2 Bb4 17. c3 Bc5 18. Rf3 f5 19. exf5 Rh6 20. Qg5+ Kh8
21. Ne4 f6 22. Nxf6 Qg7 23. Rg3 Qxg5+ 24. Bxg5 Bxf2 25. Rf3 Bh4 26. Bxh6 Bxf6
27. g4 b5 28. cxb5 cxb5 29. Bd2 Bb7 30. Rhf1 Bxf3 31. Rxf3 e4 32. Rf1 Rg8 33.
h3 d5 34. Be3 b4 35. Bd4 Bxd4 36. cxd4 Kg7 37. g5 Kf7 38. h4 Rc8+ 39. Kd2 Rc4
40. b3 Rxd4+ 41. Ke3 Rd3+ 42. Kf4 Rd2 43. h5 Rxa2 44. Ke5 Rd2 45. g6+ hxg6 46.
hxg6+ Kf8 47. Rc1 Rd3 48. Rc7 Rxb3 49. f6 Ke8 50. Kd6 Kd8 51. f7 Rf3 52. Rd7+
Kc8 53. Re7 a4 54. g7 Rf6+ 55. Kxd5 Rf5+ 56. Kxe4 Rd5 57. Kxd5 Kd8 58. f8=Q# {
Hossa checkmated} 1-0

[Event "ICS Rated blitz match"]
[Site "204.178.125.65"]
[Date "1999.10.24"]
[Round "?"]
[White "Hossa"]
[Black "toothfairy"]
[Result "1-0"]
[WhiteElo "2380"]
[BlackElo "2158"]
[PlyCount "77"]
[EventDate "1999.??.??"]

1. e4 e5 2. Bc4 Bc5 3. Nf3 d6 4. c3 Bb6 5. d4 exd4 6. cxd4 Nc6 7. Nc3 Bg4 8.
Be3 h6 9. O-O Nf6 10. d5 Ne5 11. Be2 Bxf3 12. Bxf3 Bxe3 13. fxe3 O-O 14. Qd4 a5
15. Rad1 Nfd7 16. Be2 Nc5 17. Kh1 b6 18. Nb5 Qd7 19. Rc1 Kh8 20. Rf5 f6 21. b3
g6 22. Rff1 Kg7 23. Rc3 Rf7 24. Rf4 f5 25. exf5 gxf5 26. Rf1 Rg8 27. a3 Kh7 28.
b4 axb4 29. axb4 Na6 30. Ra1 c5 31. bxc5 Nxc5 32. Rca3 Qd8 33. Ra8 Qxa8 34.
Rxa8 Rxa8 35. Nxd6 Rc7 36. Qxe5 Ra2 37. Qxf5+ Kg7 38. Ne8+ Kg8 39. Nxc7 {
toothfairy resigns} 1-0